00722nam a22002777b 4500001000800000003000900008005001700017007000800034008004100042016001300083017000900096020001500105035000600120040002500126041001100151080000600162100002400168240003000192245008100222250000600303260003600309300002000345490002800365700002300393830002800416 675546DO-SdBNP20180202100912.0 675546970912s1997 sp | ||| ||spa 7 a 2BPMSU a b  a8440672349 a  aBPMSUbspacBPMSUe 1 aspah  0a 1 aStine, R. L.d1943-14aThe prom queenlespañol13aRilistine : bLa reina del baile /h cR.L. Stine ; traducción, Joan Soler a  aBarcelona : bEdiciones Bc1997 a154 p.: c20 cm0 aLa calle del terrorv14 4Soler, Joan etr.  aLa calle del terrorv14